书目信息 |
| 题名: |
马克思的生态学
|
|
| 作者: | 福斯特 著 ;刘仁 , 肖峰 译 | |
| 分册: | ||
| 出版信息: | 北京 高等教育出版社 2006 |
|
| 页数: | 10,390页 | |
| 开本: | 21cm | |
| 丛书名: | 当代英美马克思主义研究译丛 | |
| 单 册: | ||
| 中图分类: | Q14 , A811.693 | |
| 科图分类: | ||
| 主题词: | 生态学 , 马克思主义--生态学--研究 , 马克思主义 , 马恩著作--学习 , 马恩著作研究 | |
| 电子资源: | ||
| ISBN: | 7-04-018379-X | |
| 000 | 01188oam2 2200337 450 | |
| 001 | 0959819436 | |
| 005 | 20090928163829.48 | |
| 010 | @a7-04-018379-X@dCNY24.00 | |
| 100 | @a20060519d2006 em y0chiy50 ea | |
| 101 | 1 | @achi@ceng |
| 102 | @aCN@b110000 | |
| 105 | @ay z 001yy | |
| 106 | @ar | |
| 200 | 1 | @a马克思的生态学@e唯物主义与自然@f(美)约翰·贝拉米·福斯特(John Bellamy Foster)著@g刘仁胜,肖峰译@Ama ke si de sheng tai xue |
| 210 | @a北京@c高等教育出版社@d2006 | |
| 215 | @a10,390页@d21cm | |
| 225 | 2 | @a当代英美马克思主义研究译丛 |
| 330 | @a本书实际的全部讨论是围绕19世纪两位最伟大的唯物主义者达尔文和马克思的著作展开的,重点论述唯物主义和科学的发展如何促进了生态学思维方式的产生。 | |
| 461 | 0 | @1001003170697 |
| 606 | 0 | @a生态学 |
| 606 | 0 | @a马克思主义@x生态学@x研究 |
| 606 | 0 | @a马克思主义 |
| 606 | 0 | @a马恩著作@x学习 |
| 606 | 0 | @a马恩著作研究 |
| 690 | @aQ14@v4 | |
| 690 | @aA811.693@v4 | |
| 701 | 0 | @c(美)@a福斯特@c(Foster, John Bellamy)@4著@Afu si te |
| 702 | 0 | @a刘仁@c(博士)@4译@Aliu ren |
| 702 | 0 | @a肖峰@f(1956~)@4译@Axiao feng |
| 801 | 0 | @aCN@b大连网信软件有限公司图书馆·11@c20090928 |
| 905 | @a10447@dA811.693@eJY25 | |
| 马克思的生态学:唯物主义与自然/(美)约翰·贝拉米·福斯特(John Bellamy Foster)著/刘仁胜,肖峰译.-北京:高等教育出版社,2006 |
| 10,390页;21cm .-(当代英美马克思主义研究译丛 ) |
| ISBN 7-04-018379-X:CNY24.00 |
| 本书实际的全部讨论是围绕19世纪两位最伟大的唯物主义者达尔文和马克思的著作展开的,重点论述唯物主义和科学的发展如何促进了生态学思维方式的产生。 |
| ● |
| 相关链接 |
|
|
|
|
正题名:马克思的生态学
索取号:A811.693/JY25
 
预约/预借
| 序号 | 登录号 | 条形码 | 馆藏地/架位号 | 状态 | 备注 |
| 1 | 7804938 | 278049381 | 学院路分馆/ [索取号:A811.693/JY25] | 在馆 | |
| 2 | 7804939 | 278049390 | 学院路分馆/ [索取号:A811.693/JY25] | 在馆 |